Statistics for Premier League Ever-Presents

Click here to take the quiz!

General Stats

  • This quiz has been taken 307 times
  • The average score is 6 of 6

Answer Stats

Team% Correct
Manchester United
99%
Liverpool
98%
Arsenal
97%
Tottenham Hotspur
97%
Chelsea
96%
Everton
93%

Score Distribution

Percentile by Number Answered

Percent of People with Each Score

Your Score History

You have not taken this quiz